Metakognition, Motivation und Lernen
| Corporate Author: | |
|---|---|
| Contributors: | ; ; |
| Format: | Print Book |
| Language: | German |
| Published: |
Stuttgart, Berlin, Köln, Mainz
Kohlhammer
c1984
|
| In: | Year: 1984 |
| Online Access: |
Table of Contents Table of Contents |
| Availability in Tübingen: | Present in Tübingen. IFK: N IV 136 |
| Check availability: | HBZ Gateway |
| Subito Delivery Service: | Order now. |
| Keywords: |
MARC
| LEADER | 00000cam a2200000 c 4500 | ||
|---|---|---|---|
| 001 | 02738571X | ||
| 003 | DE-627 | ||
| 005 | 20260206202900.0 | ||
| 007 | tu | ||
| 008 | 840323s1984 gw ||||| 00| ||ger c | ||
| 010 | |a 84212893 | ||
| 015 | |a 83,N45,0018 |2 dnb | ||
| 015 | |a 84,A17,0180 |2 dnb | ||
| 016 | 7 | |a 831119489 |2 DE-101 | |
| 020 | |a 3170071831 |9 3-17-007183-1 | ||
| 035 | |a (DE-627)02738571X | ||
| 035 | |a (DE-603)023128208 | ||
| 035 | |a (DE-576)009279318 | ||
| 035 | |a (DE-599)GBV02738571X | ||
| 035 | |a (OCoLC)230816634 | ||
| 035 | |a (AT-OBV)AC00200735 | ||
| 040 | |a DE-627 |b ger |c DE-627 |e rakwb | ||
| 041 | |a ger | ||
| 044 | |c XA-DE | ||
| 050 | 0 | |a LB1065 | |
| 082 | 0 | |a 370.15 | |
| 084 | |a 11 |2 sdnb | ||
| 084 | |a 11 |a 22 |2 sdnb | ||
| 084 | |a 1 |2 ssgn | ||
| 084 | |a CX 3500 |2 rvk |0 (DE-625)rvk/19215: | ||
| 084 | |a CP 4000 |2 rvk |0 (DE-625)rvk/18984: | ||
| 084 | |a CP 3000 |2 rvk |0 (DE-625)rvk/18975: | ||
| 084 | |a CQ 2000 |2 rvk |0 (DE-625)rvk/19004: | ||
| 245 | 0 | 0 | |a Metakognition, Motivation und Lernen |c hrsg. von Franz E. Weinert und Rainer H. Kluwe. Unter Mitarb. von Ann L. Brown ... |
| 264 | 1 | |a Stuttgart, Berlin, Köln, Mainz |b Kohlhammer |c c1984 | |
| 300 | |a 282 S. |b Ill., graph. Darst. | ||
| 336 | |a Text |b txt |2 rdacontent | ||
| 337 | |a ohne Hilfsmittel zu benutzen |b n |2 rdamedia | ||
| 338 | |a Band |b nc |2 rdacarrier | ||
| 500 | |a Literaturangaben | ||
| 505 | 8 | |a Literaturangaben | |
| 583 | 1 | |a Archivierung/Langzeitarchivierung gewährleistet |f PEBW |x XA-DE-BW |2 pdager |5 DE-24 | |
| 583 | 1 | |a Archivierung/Langzeitarchivierung gewährleistet |f SSG |x XA-DE-BW |2 pdager |5 DE-21 | |
| 650 | 4 | |a Learning, attribution style and metacognition | |
| 650 | 4 | |a Kognition | |
| 650 | 4 | |a Attribuierung | |
| 650 | 4 | |a Lernen | |
| 650 | 4 | |a Entwicklung, Motivation, Lernen, Depression, Forschung, magnetische Induktion, Leistung, Prozess | |
| 653 | 0 | |a a |a Learning, Psychology of | |
| 653 | 0 | |a a |a Metacognition | |
| 653 | 0 | |a a |a Motivation in education | |
| 653 | 0 | |a a |a Cognition | |
| 655 | 7 | |a Konferenzschrift |y 1980 |z Heidelberg |0 (DE-588)1071861417 |0 (DE-627)826484824 |0 (DE-576)433375485 |2 gnd-content | |
| 655 | 7 | |a Aufsatzsammlung |0 (DE-588)4143413-4 |0 (DE-627)105605727 |0 (DE-576)209726091 |2 gnd-content | |
| 689 | 0 | 0 | |d s |0 (DE-588)4074164-3 |0 (DE-627)106090569 |0 (DE-576)209192755 |a Lernmotivation |2 gnd |
| 689 | 0 | 1 | |d s |0 (DE-588)4169558-6 |0 (DE-627)105409146 |0 (DE-576)209923644 |a Metakognition |2 gnd |
| 689 | 0 | |5 DE-101 | |
| 700 | 1 | |a Weinert, Franz E. |d 1930-2001 |e Hrsg. |0 (DE-588)118944738 |0 (DE-627)284615676 |0 (DE-576)163509840 |4 edt | |
| 700 | 1 | |a Kluwe, Rainer H. |0 (DE-588)114443440 |0 (DE-627)589852132 |0 (DE-576)16174799X |4 oth | |
| 700 | 1 | |8 1\p |a Brown, Ann L. |d 1943-1999 |0 (DE-588)110808169 |0 (DE-627)56548401X |0 (DE-576)289684099 |4 oth | |
| 711 | 2 | |a Symposium The Development of Metacognition, Attribution Style and Learning |d 1980 |c Heidelberg |0 (DE-588)5140405-9 |0 (DE-627)186328818 |0 (DE-576)195359658 |4 oth | |
| 856 | 4 | 2 | |u https://swbplus.bsz-bw.de/bsz009279318inh.htm |m B:DE-576;DE-352 |q application/pdf |v 20110314164745 |x Verlag |3 Inhaltsverzeichnis |7 1 |
| 856 | 4 | 2 | |u http://scans.hebis.de/HEBCGI/show.pl?02312820_toc.pdf |m V:DE-603;B:DE-17 |q application/pdf |3 Inhaltsverzeichnis |7 1 |
| 883 | |8 1\p |a cgwrk |d 20241001 |q DE-101 |u https://d-nb.info/provenance/plan#cgwrk | ||
| 889 | |w (DE-576)446968587 | ||
| 889 | |w (DE-627)434175064 | ||
| 935 | |a mteo | ||
| 935 | |i mdedup | ||
| 935 | |i Blocktest | ||
| 935 | |h HEB |i 0501 | ||
| 935 | |h HEB |i 0503 | ||
| 936 | r | v | |a CX 3500 |b Motivation (Lernen, Unterricht, Studium) |k Psychologie |k Pädagogische Psychologie |k Motivation (Lernen, Unterricht, Studium) |0 (DE-627)1271443759 |0 (DE-625)rvk/19215: |0 (DE-576)201443759 |
| 936 | r | v | |a CP 4000 |b Kognitive Prozesse (Denken, Urteil, Problemlösen, Begriffsbildung, Assoziation) |k Psychologie |k Allgemeine Psychologie |k Kognitive Prozesse (Denken, Urteil, Problemlösen, Begriffsbildung, Assoziation) |0 (DE-627)1271169363 |0 (DE-625)rvk/18984: |0 (DE-576)201169363 |
| 936 | r | v | |a CP 3000 |b Motivation und Gefühl |k Psychologie |k Allgemeine Psychologie |k Motivation und Gefühl |0 (DE-627)1271374501 |0 (DE-625)rvk/18975: |0 (DE-576)201374501 |
| 936 | r | v | |a CQ 2000 |b Entwicklung kognitiver und sensorischer Funktionen |k Psychologie |k Entwicklungspsychologie |k Entwicklung kognitiver und sensorischer Funktionen |0 (DE-627)1271363909 |0 (DE-625)rvk/19004: |0 (DE-576)201363909 |
| 936 | r | u | |a ZX 7152 |b Trainingsanleitungen; Didaktik einzelner Sportarten |k Sport |k Sportwissenschaft |k Sportpsychologie |k Allgemeines |k Trainingsanleitungen; Didaktik einzelner Sportarten |0 (DE-627)1396532838 |0 (DE-625)rvk/158453:13012 |0 (DE-576)326532838 |z Ungueltig |
| 936 | s | n | |a c200 |2 mzub |
| 936 | s | n | |a d100 |2 mzub |
| 951 | |a BO | ||
| ELC | |b 1 | ||
| LOK | |0 000 xxxxxcx a22 zn 4500 | ||
| LOK | |0 001 3191422919 | ||
| LOK | |0 003 DE-627 | ||
| LOK | |0 004 02738571X | ||
| LOK | |0 005 20140625165301 | ||
| LOK | |0 008 930129||||||||||||||||ger||||||| | ||
| LOK | |0 040 |a DE-21-110 |c DE-627 |d DE-21-110 | ||
| LOK | |0 689 |a s |a Motivation | ||
| LOK | |0 689 |a s |a Lernen | ||
| LOK | |0 852 |a DE-21-110 | ||
| LOK | |0 852 1 |c N IV 136 |m p |9 00 | ||
| LOK | |0 935 |a k110 | ||
| LOK | |0 936ln |a 8.7.4 | ||
| LOK | |0 938 |k p | ||
| LOK | |0 939 |a 29-01-93 |b l01 | ||
| ORI | |a SA-MARC-krimdoka001.raw | ||
| SIG | |a IFK: N IV 136 | ||
| TIM | |a 100019800101_100019801231 |b 1980 - 1980 | ||
